000 00494nam a22001937a 4500
003 MPLRDC
005 20220104144150.0
008 210129b ||||| |||| 00| 0 eng d
020 _a983-074-000-5
082 _a868.71 DLWC v.1 c.2
100 _a方北方著
245 _a看马华文学生机复活
_c
250 _a初版
260 _a
_b雪兰莪乌鲁冷岳兴安会
_c1995
300 _b
490 _a德麟文丛. 第一辑;1
650 _a
942 _cBK
_o868.71 DLWC v.1 c.2
999 _c46999
_d46989